000 00393nam a2200145Ia 4500
008 220216s9999 xx 000 0 und d
100 _aLewandowski L H
245 0 _aPolymer modification of paving asphalt binders (1994 reviews)
260 _bRubber Chemistry and Technology
_c1994
300 _a447-480
650 _a1994 reviews
650 _aAsphalt
650 _aPolymers
942 _cJS
999 _c65258
_d65258